00394nam a2200157Ia 4500001000500000005001700005008004100022041000800063082002000071100005400091245003400145260000900179300003200188650000800220654000800228526720260306145855.0260306t2010||||xx |||||||||||||| ||spa|| aESP a338.5bC78 T. 1 aCorchuelo Martínez-Azúa, María BeatrizeAUT 0aAnálisis microeconómico I c2010 axi, 248 páginas :c24 cm. aGEN aCAN